10 Largest Landlocked Countries - Statistics

General Stats
  • This quiz has been taken 60 times
  • The average score is 9 of 10
Answer Stats
Continent Answer % Correct
South America Bolivia
96%
Asia Kazakhstan
96%
Asia Mongolia
96%
Africa Niger
96%
Africa Chad
94%
Africa Mali
92%
Africa Ethiopia
85%
Asia Afghanistan
81%
Africa Central African Republic
75%
Africa Zambia
69%
No matching quizzes found
Score Distribution
Percent of People with Each Score
Percentile by Number Answered
Your Score History
You have not taken this quiz